Atlanta Hawks: Top 10 All-Time Leaders - Statistics

General Stats
  • This quiz has been taken 994 times
    25 since last reset
  • The average score is 60 of 106
Answer Stats
Category # Player Points % Correct
Points 1 Dominique Wilkins 23,292
94%
Rebounds 4 Dominique Wilkins 6,119
94%
Assists 9 Dominique Wilkins 2,321
94%
Steals 2 Dominique Wilkins 1,245
94%
Blocks 7 Dominique Wilkins 588
94%
3-Point Field Goals 10 Dominique Wilkins 500
94%
Points Per Game 1 Dominique Wilkins 26.4
94%
Games 1 Dominique Wilkins 882
94%
Points 10 Eddie Johnson 9,631
94%
Assists 4 Eddie Johnson 3,207
94%
Steals 6 Eddie Johnson 741
94%
Games 10 Eddie Johnson 619
94%
Triple-Doubles 1 Jalen Johnson 15
94%
Points 7 Joe Johnson 10,606
94%
Assists 7 Joe Johnson 2,653
94%
3-Point Field Goals 3 Joe Johnson 908
94%
Points Per Game 8 Joe Johnson 20.9
94%
Triple-Doubles T10 Joe Johnson 2
94%
Triple-Doubles T7 Lenny Wilkens 3
94%
Points 6 Trae Young 12,413
94%
Assists 1 Trae Young 4,837
94%
3-Point Field Goals 1 Trae Young 1,295
94%
Points Per Game 3 Trae Young 25.2
94%
Triple-Doubles T7 Trae Young 3
94%
Points 9 Josh Smith 10,371
81%
Rebounds 7 Josh Smith 5,407
81%
Steals 5 Josh Smith 857
81%
Blocks 2 Josh Smith 1,440
81%
Games 9 Josh Smith 676
81%
Triple-Doubles T7 Josh Smith 3
81%
3-Point Field Goals 8 Steve Smith 549
81%
Points 2 Bob Pettit 20,880
75%
Rebounds 1 Bob Pettit 12,849
75%
Assists 8 Bob Pettit 2,369
75%
Points Per Game 2 Bob Pettit 26.4
75%
Games 3 Bob Pettit 792
75%
Triple-Doubles T10 Bob Pettit 2
75%
Rebounds 8 Al Horford 5,144
69%
Blocks 6 Al Horford 697
69%
Field Goal Percent 5 Al Horford 53.5%
69%
Blocks 8 Clint Capela 460
69%
Field Goal Percent 1 Clint Capela 59.9%
69%
Rebounds 5 Tree Rollins 5,994
69%
Blocks 1 Tree Rollins 2,283
69%
Field Goal Percent 6 Tree Rollins 52.9%
69%
Games 2 Tree Rollins 814
69%
Triple-Doubles T5 Tree Rollins 4
69%
Blocks 3 Dikembe Mutombo 1,094
63%
Field Goal Percent 7 Dikembe Mutombo 52.9%
63%
Points 4 Cliff Hagan 13,447
56%
Rebounds 9 Cliff Hagan 5,116
56%
Assists 10 Cliff Hagan 2,242
56%
Games 5 Cliff Hagan 745
56%
Triple-Doubles T3 Cliff Hagan 5
56%
Assists 6 Jeff Teague 2,771
56%
Steals 7 Jeff Teague 632
56%
3-Point Field Goals 4 Kyle Korver 818
56%
Field Goal Percent 2 Onyeka Okongwu 57.3%
56%
Points Per Game 4 Pete Maravich 24.3
56%
Assists 2 Doc Rivers 3,866
50%
Steals 3 Doc Rivers 1,166
50%
Triple-Doubles T5 Doc Rivers 4
50%
Triple-Doubles T10 Dyson Daniels 2
50%
Points 8 Kevin Willis 10,582
50%
Rebounds 3 Kevin Willis 7,332
50%
Steals 9 Kevin Willis 581
50%
Blocks 10 Kevin Willis 425
50%
Games 4 Kevin Willis 753
50%
Points 5 John Drew 12,621
44%
Steals 4 John Drew 859
44%
Points Per Game 7 John Drew 21.2
44%
Field Goal Percent 10 Antoine Carr 51.6%
38%
Assists 5 Lenny Wilkens 3,049
38%
Points 3 Lou Hudson 16,049
38%
Points Per Game 5 Lou Hudson 22.0
38%
Games 6 Lou Hudson 730
38%
Assists 3 Mookie Blaylock 3,764
38%
Steals 1 Mookie Blaylock 1,321
38%
3-Point Field Goals 2 Mookie Blaylock 1,050
38%
Triple-Doubles 2 Mookie Blaylock 7
38%
Blocks 9 Theo Ratliff 436
38%
Steals 8 Jason Terry 588
31%
3-Point Field Goals 6 Jason Terry 648
31%
Field Goal Percent 4 John Collins 55.1%
31%
Points Per Game 9 Shareef Abdur-Rahim 20.4
31%
Rebounds 10 Dan Roundfield 4,658
25%
Blocks 5 Dan Roundfield 716
25%
3-Point Field Goals 9 De'Andre Hunter 527
25%
Points Per Game 6 Dejounte Murray 21.5
25%
Triple-Doubles T10 Dejounte Murray 2
25%
Blocks 4 Jon Koncak 747
19%
Games 7 Jon Koncak 717
19%
3-Point Field Goals 7 Kevin Huerter 563
19%
Steals 10 Stacey Augmon 570
19%
Rebounds 6 Zelmo Beaty 5,622
19%
Rebounds 2 Bill Bridges 8,656
13%
Games 8 Bill Bridges 683
13%
Triple-Doubles T3 Bill Bridges 5
13%
3-Point Field Goals 5 Bogdan Bogdanović 745
13%
Field Goal Percent 8 Cliff Levingston 52.8%
13%
Points Per Game 10 Clyde Lovellette 19.3
6%
Field Goal Percent 9 Josh Childress 52.2%
6%
Triple-Doubles T10 Toni Kukoč 2
6%
Triple-Doubles T10 Walt Bellamy 2
6%
Triple-Doubles T10 Bob Sura 2
0%
Field Goal Percent 3 Mike Glenn 55.3%
0%
No matching quizzes found
Score Distribution
Percent of People with Each Score
Percentile by Number Answered
Your Score History
You have not taken this quiz since the last reset